000 01549nam a2200397 i 4500
001 73704
003 FINmELB
005 20241217143507.0
006 m o d |
007 cr cnu||||||||
008 230626s2023 sp ob 001 0 spa d
017 _aM-5104-2023
_bEspaña
020 _a9788411700757
_q(e-book)
035 _a(OCoLC)1390973687
040 _aFINmELB
_bspa
_erda
_cFINmELB
050 4 _aDP214
_bS939 2023
080 _a94(460)
082 0 4 _a946.072
_223
100 1 _aSuárez Bilbao, Fernando,
_eautor.
245 1 0 _aCrisis social, política y territorial en el reinado de Fernando VII :
_bmasonería acción y reacción /
_cFernando Suárez Bilbao.
264 1 _aMadrid :
_bEditorial Dykinson,
_c2023.
300 _a1 recurso en línea (346 páginas)
336 _atexto
_btxt
_2rdacontent/spa
337 _acomputadora
_bc
_2rdamedia/spa
338 _arecurso en línea
_bcr
_2rdacarrier/spa
500 _aIncluye epílogo.
500 _aIncluye índice.
504 _aIncluye bibliografía.
588 _aDescripción basada en metadatos suministrados por el editor y otras fuentes.
590 _aRecurso electrónico. Santa Fe, Arg.: elibro, 2023. Disponible vía World Wide Web. El acceso puede estar limitado para las bibliotecas afiliadas a elibro.
600 1 4 _aFernando VII,
_cRey de España,
_d1784-1833,
_xhistoria.
651 4 _aEspaña
_xHistoria
_xFernando VII.
655 4 _aLibros electrónicos.
797 2 _aelibro, Corp.
856 4 0 _uhttps://elibro.net/ereader/politecnicointernacional/230123
999 _c73704
_d73704